000 00824nam a2200229 a 4500
001 53051
003 BD-RJUL
005 20211209075912.0
008 161002r19711965ne 001 0 eng
035 _aBD-RJUL 53171
040 _aAKR
_beng
_cBD-RjUL
041 _aeng
082 _223
_a530.13
_bKUS 1971
090 _aQC175
_b.K83
100 1 _aKubo, Ryōgo,
_d1920-1995
_9158557
245 1 0 _aStatistical mechanics :
_ban advanced course with problems and solutions /
_cRyogo Kubo, in cooperation with Hiroshi Ichimura, Tsunemaru Usui [and] Natsuki Hashitsume
260 _aAmsterdam :
_bNorth Holland Pub. Co ;
_aNew York :
_bAmerican Elsevier Pub. Co,
_c, c1965 [prntings 1971]
300 _axii, 425 p. :
_bill. ;
_c23 cm
500 _aIncludes index
650 0 _aStatistical mechanics
_9117125
942 _2ddc
_cBK
999 _c53051
_d53051